000 01741cam a2200157 4500500
005 20260405085549.0
041 _afre
042 _adc
100 1 0 _aChaperon, Sylvie
_eauthor
700 1 0 _aGrand-Clément, Adeline
_eauthor
700 1 0 _aMouysset, Sylvie
_eauthor
245 0 0 _aHistoire des femmes et du genre : De l'Antiquité à nos jours
260 _bArmand Colin,
_c2022.
520 _aL’histoire des femmes et du genre a permis depuis une quarantaine d’années un considérable renouvellement de la recherche historique. Ce champ nouveau ne se contente pas d’enrichir l’histoire, il transforme la discipline elle-même et ses méthodes. L’inclusion des femmes et plus globalement du genre modifie la chronologie et les catégories d’analyse, mais invite aussi à relire la documentation disponible. Ainsi, de l’Antiquité à nos jours, cet ouvrage dessine une autre histoire, à travers les sources les plus variées qui présentent une riche représentation des femmes. Textes privés ou publics, littérature juridique, documents archéologiques, iconographie, médias… sont autant de sources essentielles qui permettent une analyse en termes de genre des sociétés occidentales dans tous les domaines  : politique, religieux, judiciaire, éducatif, médical, du travail, mais également monde de l’intime. L’ouvrage propose ainsi une méthodologie pour aborder et analyser ces sources et, grâce à son ampleur chronologique, distingue l’essentiel de l’accessoire, et permet de discuter les ruptures ou continuités qui ne se résument pas à la périodisation classique.
856 4 1 _uhttps://shs.cairn.info/histoire-des-femmes-et-du-genre--9782200634049?lang=fr&redirect-ssocas=7080
999 _c2198556
_d2198556